Normal view
MARC view
- CONVERTOR TECHNOLOGIES.SP-1409
Entry Topical Term
001 - CONTROL NUMBER
- control field: 75927
003 - CONTROL NUMBER IDENTIFIER
- control field: NUST
005 - DATE AND TIME OF LATEST TRANSACTION
- control field: 20210628205531.0
008 - FIXED-LENGTH DATA ELEMENTS
- fixed length control field: 210628|| aca||aabn | a|a d
040 ## - CATALOGING SOURCE
- Original cataloging agency: NUST
- Transcribing agency: NUST
150 ## - HEADING--TOPICAL TERM
- Topical term or geographic name entry element: CONVERTOR TECHNOLOGIES.SP-1409
670 ## - SOURCE DATA FOUND
- Source citation: Work cat.: (NUST): Sae 7332, Advanced convertor technologies sp-1409, 1999
